What the heart sees (Record no. 275472)
[ view plain ]
| 000 -LEADER | |
|---|---|
| fixed length control field | 02445nim a22003855 4500 |
| 005 - DATE AND TIME OF LATEST TRANSACTION | |
| control field | 20200320185213.0 |
| 007 - PHYSICAL DESCRIPTION FIXED FIELD--GENERAL INFORMATION | |
| fixed length control field | sd fmngnnmmned |
| 008 - FIXED-LENGTH DATA ELEMENTS--GENERAL INFORMATION | |
| fixed length control field | 110406s2011 ilu e eng |
| 020 ## - INTERNATIONAL STANDARD BOOK NUMBER | |
| International Standard Book Number | 9781598599589 : CMD |
| Terms of availability | 32.99 |
| 020 ## - INTERNATIONAL STANDARD BOOK NUMBER | |
| International Standard Book Number | 1598599585 : CMD |
| 040 ## - CATALOGING SOURCE | |
| Original cataloging agency | MM LLC |
| Transcribing agency | MM LLC |
| 050 1# - LIBRARY OF CONGRESS CALL NUMBER | |
| Classification number | PS |
| Item number | 2011ab |
| 082 00 - DEWEY DECIMAL CLASSIFICATION NUMBER | |
| Classification number | 813/.54 |
| Edition number | 22 |
| 100 1# - MAIN ENTRY--PERSONAL NAME | |
| Personal name | Fuller, Kathleen. |
| 9 (RLIN) | 50611 |
| 245 10 - TITLE STATEMENT | |
| Title | What the heart sees |
| Medium | [sound recording] : |
| Remainder of title | a collection of Amish romances / |
| Statement of responsibility, etc | Kathleen Fuller. |
| 246 0# - VARYING FORM OF TITLE | |
| Title proper/short title | A miracle for Miriam. |
| 246 0# - VARYING FORM OF TITLE | |
| Title proper/short title | A place of his own. |
| 250 ## - EDITION STATEMENT | |
| Edition statement | Unabr. ed. |
| 260 ## - PUBLICATION, DISTRIBUTION, ETC. (IMPRINT) | |
| Place of publication, distribution, etc | Carol Stream, IL: |
| Name of publisher, distributor, etc | Oasis Audio, |
| Date of publication, distribution, etc | 2011. |
| 300 ## - PHYSICAL DESCRIPTION | |
| Extent | 10 sound discs (12 hr.): |
| Other physical details | digital; |
| Dimensions | 4 3/4 in. |
| 511 0# - PARTICIPANT OR PERFORMER NOTE | |
| Participant or performer note | Read by Christian Taylor. |
| 520 ## - SUMMARY, ETC. | |
| Summary, etc | Together for the first time, three Amish romances from Kathleen Fuller. "A Miracle for Miriam" from An Amish Christmas Miriam fell for Seth, but he broke her heart. Years later, after he's nearly killed in an accident, Miriam sees him at a Christmas party and notices something is different about him-not just how he looks, but how he acts. When Seth pursues her, she must decide whether to guard her heart or accept his love. "A Place of His Own" from An Amish Gathering When Josiah left Paradise the first time, he didn't even say good-bye. Now he's back, ten years later, and he's changed. Why is he so distant and bitter? Where is the boy who used to be Amanda's best friend? Amanda is learning that there are things even a capable Amish girl can't fix. But can she stand there and watch him walk away...again? "What the Heart Sees" from An Amish Love A tragic accident rocks a peaceful Amish community, leaving Ellie Chupp blinded and Christopher Bender's future shattered. But they find love and forgiveness in a place they least expect. |
| 538 ## - SYSTEM DETAILS NOTE | |
| System details note | Compact disc. |
| 650 #0 - SUBJECT ADDED ENTRY--TOPICAL TERM | |
| Topical term or geographic name as entry element | Amish |
| Form subdivision | Fiction. |
| 9 (RLIN) | 5674078 |
| 650 #0 - SUBJECT ADDED ENTRY--TOPICAL TERM | |
| Topical term or geographic name as entry element | Christian Fiction. |
| 9 (RLIN) | 5865038 |
| 655 #0 - INDEX TERM--GENRE/FORM | |
| Genre/form data or focus term | Audiobooks. |
| 9 (RLIN) | 5865039 |
| 655 #7 - INDEX TERM--GENRE/FORM | |
| Genre/form data or focus term | Love stories |
| Source of term | lcsh. |
| 9 (RLIN) | 5865040 |
| 700 1# - ADDED ENTRY--PERSONAL NAME | |
| Personal name | Taylor, Christian |
| Relator code | nrt. |
| 9 (RLIN) | 5865041 |
| 700 12 - ADDED ENTRY--PERSONAL NAME | |
| Personal name | Fuller, Kathleen. |
| Title of a work | Miracle for Miriam. |
| 9 (RLIN) | 5865042 |
| 700 12 - ADDED ENTRY--PERSONAL NAME | |
| Personal name | Fuller, Kathleen. |
| Title of a work | Place of his own. |
| 9 (RLIN) | 5865043 |
| 700 12 - ADDED ENTRY--PERSONAL NAME | |
| Personal name | Fuller, Kathleen. |
| Title of a work | What the heart sees. |
| 9 (RLIN) | 5865044 |
| 942 ## - ADDED ENTRY ELEMENTS (KOHA) | |
| Koha item type | CD |
| 948 ## - LOCAL PROCESSING INFORMATION (OCLC); SERIES PART DESIGNATOR (RLIN) | |
| Series part designator, SPT (RLIN) | 07/01/2011 |
| z (OCLC) | Sirsi |
| 996 ## - | |
| -- | 84815 |
| -- | 34301000994360 |
| -- | CD |
| -- | CD |
| -- | wcl |
| -- | i |
| -- | 13 |
| -- | 32.99 |
| -- | .CIRCNOTE. 10 discs |
| -- | .PUBLIC. 10 discs |
| -- | micro |
| -- | Ful |
| -- | 07/01/2011 |
| -- | 10/03/2019 |
| -- | 09/23/2019 |
| Withdrawn status | Lost status | Source of classification or shelving scheme | Materials specified (bound volume or other part) | Damaged status | Not for loan | Collection code | Home library | Current library | Shelving location | Date acquired | Source of acquisition | Cost, normal purchase price | Total Checkouts | Total Renewals | Full call number | Barcode | Date last seen | Date checked out | Cost, replacement price | Price effective from | Koha item type | Public note |
|---|---|---|---|---|---|---|---|---|---|---|---|---|---|---|---|---|---|---|---|---|---|---|
| Dewey Decimal Classification | .CIRCNOTE. 10 discs | Audiobooks | Wasatch County Library | Wasatch County Library | Second Floor | 07/01/2011 | 32.99 | 17 | 4 | CD Ful | 34301000994360 | 11/14/2025 | 10/24/2025 | 32.99 | 03/20/2020 | Audiobook on CD | .PUBLIC. 10 discs |
